Obras completas : El brazo fuerte /

Guardado en:
Detalles Bibliográficos
Autor principal: Cabada, Juan de la (autor)
Formato: Libro
Idioma:Español
Publicado: México : Universidad Autónoma de Sinaloa, 1980
Temas:
Etiquetas: Agrega una etiqueta
Sin etiquetas, Sé el primero en etiquetar este registro!

MARC

LEADER 00000nam^a2200000^a^4500
001 000037603
005 20250521000000.0
009 20260310085433.728
020 |a 968-59-0006-X 
037 |a Acervo ITESO - Biblioteca 
041 |a ESP 
082 |a 868.  |b CAB V. 6 
100 |a Cabada, Juan de la  |e (autor) 
240 1 1 |a [Obras completas de Juan de la Cabada] 
240 1 4 |a [El brazo fuerte] 
245 1 0 |a Obras completas :  |b El brazo fuerte /  |c J. de la Cabada. 
264 1 |a México :  |b Universidad Autónoma de Sinaloa,  |c 1980 
300 |a 10 v. 
336 |a texto  |b txt  |2 rdacontenido 
337 |a sin mediación  |b n  |2 rdamedio 
338 |a volumen  |b nc  |2 rdasoporte 
545 0 |a Juan de la Cabada (Campeche, 1903 - Ciudad de México, 1986) escritor y folklorista mexicano, fundador y colaborador de la Liga de Escritores y Artistas Revolucionarios. Su militancia de izquierda lo convirtió en 1979 en diputado federal por el Partido Comunista Mexicano. Paseo de mentiras (1940), Incidentes melódicos del mundo irracional (1944), La tierra en cuatro tiempos (1981), Pasados por agua (1981) y El duende (1981), son algunos de sus títulos, aunque más allá de la obra publicada, en el autor se reconoce su gran capacidad narrativa y su facilidad para el relato oral. También hizo un texto sobre la tradición carnavalesca en Campeche, titulado La guaranducha (1970) y es considerado uno de los iniciadores del estudio de la música maya. Asimismo, escribió sólo o en coautoría varios guiones cinematográficos, como El brazo fuerte, Subida al cielo, Lola de mi vida, Misericordia, Raíces y Simitrio. 
649 |a XX 
650 |a Guiones Cinematográficos 
650 |a Cine Mexicano -  |y Siglo XX 
910 |a Fondo General 
920 |a Impresos - Libros 
930 |a Colección General 
940 |a Literatura 
905 |a 101 
901 |a 0376030100  |b IT1  |c LIT  |i 037603  |u 20250521 
902 |a https://opac.biblio.iteso.mx/vufind/Record/000037603